000 00832nam a2200265 i 4500
001 000032205
003 DO-SdBNP
005 20240115135857.0
007 ta
008 110713s1909 dr 000 0 spa d
040 _aDO-SdBNP
_bspa
_cBNPHU
_erda
082 4 _222
110 2 _aInstituto Profesional de Santo Domingo
_bFaculta de Derecho Civil
_984783
245 1 0 _aEstudios sobre el embargo retentivo u oposición :
_btesis para la licenciatura /
_cAbigail Del-Monte.
264 _aSanto Domingo :
_bLa cuna de América,
_c1909.
300 _a36 páginas ;
_c22 cm.
336 _2rdacontent
_atexto
_btxt
337 _2rdamedia
_asin mediación
_bn
338 _2rdacarrier
_avolumen
_bnc
500 _aTesis
504 _aBibliografía : p. 35
590 _aInventariado, 2024/BT
910 _aBtavárez
942 _2ddc
_cLF2
999 _c31696
_d31696